[Event "45th Olympiad 2024"]
[Site "Budapest HUN"]
[Date "2024.09.13"]
[Round "3.45"]
[Board "3"]
[White "Abdulla, Murad"]
[Black "Boggiano Pereira, Miguel A."]
[Result "1-0"]
[WhiteElo "2312"]
[BlackElo "2015"]
[PlyCount "55"]
[EventDate "2024.09.11"]
[WhiteTeam "Scotland"]
[BlackTeam "Puerto Rico"]
[WhiteTeamCountry "SCO"]
[BlackTeamCountry "PUR"]

1. e4 c5 2. Nc3 d6 3. f4 g6 4. Nf3 Bg7 5. Bb5+ Bd7 6. Bc4 Nc6 7. O-O e6 8. f5 gxf5 ({RR} 8... Nf6 9. d3 exf5 10. Bf4 O-O 11. Bxd6 Re8 12. Ng5 Be6 13. exf5 gxf5 14. Nxe6 fxe6 15. Bxc5 Nd4 16. h3 Nd7 17. Bxd4 Bxd4+ 18. Kh1 Ne5 19. Bb3 Kh8 20. Qh5 a6 21. Rae1 Qd6 22. Ne2 Be3 23. Qh4 {1-0 Kadric,D (2585)-Matlakov,M (2698) Gibraltar Masters 18th 2020 (9)}) 9. exf5 Nf6 $146 ({RR} 9... d5 10. Bb5 Nf6 11. d3 O-O 12. Qe1 Nd4 13. Bxd7 Nxd7 14. Nxd4 cxd4 15. fxe6 fxe6 16. Qxe6+ Kh8 17. Nxd5 Rxf1+ 18. Kxf1 Nc5 19. Qf5 Qh4 20. Nf4 Re8 21. Bd2 Qxh2 22. Re1 Rxe1+ 23. Kxe1 Qh4+ 24. Kd1 {1-0 Kadric,D (2553)-Blackman,J (2265) 45th Olympiad 2024 (1.36)}) ({RR} 9... d5 10. fxe6 Bxe6 11. Bb5 Qd7 12. Na4 Bf8 13. d4 O-O-O 14. Ne5 Qc7 15. Nxc6 bxc6 16. Ba6+ Kd7 17. Nxc5+ Bxc5 18. dxc5 Qa5 19. Qd4 Ne7 20. Bd3 Rhg8 21. b4 Qa4 22. c3 Rg4 23. Bf4 Rdg8 24. Rf2 {1-0 Karatas,K (1743)-Uysal,B (2053) Manavgat Turkey Cup 2015 (3)}) 10. Ng5 d5 11. fxe6 Bxe6 12. Be2 Qd7 13. Nxe6 fxe6 14. Bh5+ Kd8 15. d3 Nd4 16. Bg5 Rf8 17. Qd2 Kc8 18. Bf3 Nxf3+ 19. Rxf3 d4 20. Bxf6 dxc3 21. Qxc3 Rxf6 22. Rxf6 Bxf6 23. Qxf6 Kc7 24. Rf1 Re8 25. Qe5+ Kc6 26. Qe4+ Qd5 27. Qa4+ b5 28. Qa6+ 1-0

[Event "45th Olympiad 2024"]
[Site "Budapest HUN"]
[Date "2024.09.13"]
[Round "3.46"]
[Board "2"]
[White "Nanjo, Ryosuke"]
[Black "Notha, Moakofi"]
[Result "1/2-1/2"]
[WhiteElo "2372"]
[BlackElo "1996"]
[PlyCount "107"]
[EventDate "2024.09.11"]
[WhiteTeam "Japan"]
[BlackTeam "Botswana"]
[WhiteTeamCountry "JPN"]
[BlackTeamCountry "BOT"]

1. Nf3 Nf6 2. c4 e6 3. Nc3 d5 4. d4 Be7 5. Bg5 Nbd7 6. cxd5 exd5 7. e3 O-O 8. Bd3 Re8 9. O-O c6 10. Qc2 Nf8 11. Rfe1 Ne4 12. Bxe7 Qxe7 13. Bxe4 dxe4 14. Nd2 f5 15. f3 exf3 16. Nxf3 Ng6 17. e4 f4 $146 ({RR} 17... Nh4 18. Nxh4 Qxh4 19. Qb3+ Kh8 20. Qf7 Qd8 21. Rad1 Rf8 22. Qb3 fxe4 23. Nxe4 Bg4 24. Rd2 Qa5 25. Qg3 Rae8 26. Nc3 Bh5 27. Rxe8 Rxe8 28. h3 h6 29. Kh2 Kh7 30. Rf2 Bg6 {½-½ Atkins,H-Pleci,I Olympiad-06 Warsaw 1935 (17)}) ({RR} 17... fxe4 18. Rxe4 Be6 19. Rae1 Qd6 20. Ng5 Bf7 21. Nxf7 Kxf7 22. Qb3+ Kf8 23. Rf1+ {1-0 Gagnepain,L (1862)-Devaux,N (1859) Boffres 2015 (7)}) 18. e5 Be6 19. Ne4 Rad8 20. Qc5 a6 21. Qxe7 Rxe7 22. Nd6 h6 23. a3 Red7 24. Nd2 Bd5 25. N2e4 b6 26. Nc3 Bb3 27. Rac1 c5 28. dxc5 bxc5 29. Nce4 Nxe5 30. Nxc5 Rxd6 31. Rxe5 Rd1+ 32. Re1 Rxe1+ 33. Rxe1 Bc4 34. Rc1 Be2 35. Rc2 Rd1+ 36. Kf2 Bb5 37. Kf3 g5 38. h4 Kf7 39. hxg5 hxg5 40. Ne4 Kg6 41. Rd2 Rxd2 42. Nxd2 Kf5 43. g3 Bc6+ 44. Kf2 Kg4 45. gxf4 Kxf4 46. b4 Bd5 47. Nb1 g4 48. Nc3 g3+ 49. Kg1 Bc6 50. a4 Ke3 51. b5 axb5 52. axb5 Bxb5 53. Nxb5 g2 54. Kxg2 1/2-1/2

[Event "45th Olympiad 2024"]
[Site "Budapest HUN"]
[Date "2024.09.13"]
[Round "3.46"]
[Board "4"]
[White "Yamada, Kohei"]
[Black "Oratile, Kgotlane"]
[Result "1-0"]
[WhiteElo "2178"]
[BlackElo "1975"]
[PlyCount "103"]
[EventDate "2024.09.11"]
[WhiteTeam "Japan"]
[BlackTeam "Botswana"]
[WhiteTeamCountry "JPN"]
[BlackTeamCountry "BOT"]

1. e4 c5 2. Nf3 g6 3. d4 cxd4 4. Nxd4 Nc6 5. c4 Nf6 6. Nc3 d6 7. f3 Nxd4 8. Qxd4 Bg7 9. Be3 O-O 10. Qd2 Be6 11. Rc1 a5 12. b3 Nd7 13. Be2 Nc5 14. O-O Qb6 ({RR} 14... b6 15. Kh1 Be5 16. Bd4 Bxd4 17. Qxd4 f5 18. exf5 Bxf5 19. f4 Be4 20. Nxe4 Nxe4 21. Qxe4 Rf6 22. Bf3 Rc8 23. Rce1 Rc7 24. Bg4 Qf8 25. Be6+ Kg7 26. f5 Rc5 27. g4 g5 28. Bd5 e5 29. Qe3 {0-1 Rodriguez Dominguez,M (2011)-Sukandar,I (2349) Titled Tue 9th Jan Late 2024 (7)}) 15. Nb5 ({RR} 15. Rc2 Rfc8 16. Kh1 Qb4 17. Nd5 Bxd5 18. exd5 Na6 19. Qc1 a4 20. Bd2 Qc5 21. Qe1 axb3 22. axb3 b5 23. b4 Qd4 24. Qc1 bxc4 25. Bxc4 Qb6 26. Qa3 Nc7 27. Qd3 Nb5 28. Rfc1 Na3 29. Ra2 Nxc4 {½-½ Predke,A (2530)-Iturrizaga Bonelli,E (2630) Moscow Aeroflot op-A 14th 2015 (3)}) 15... Rfc8 16. Kh1 $146 ({RR} 16. Rc2 Qd8 17. Rd1 Qf8 18. Nc3 h5 19. Bf1 Kh7 20. Ne2 Bd7 21. Nf4 Bh6 22. Re1 Ne6 23. Nd5 Bxe3+ 24. Rxe3 Rc6 25. e5 Nc5 26. exd6 Rxd6 27. Qc1 Ne6 28. Rd2 Bc6 29. Red3 Rad8 30. Qa3 Bxd5 {½-½ Bielczyk,J (2370)-Walach,M (2310) POL-chT 2nd League South 1998}) ({RR} 16. Rb1 Qd8 17. Rfc1 Bd7 18. Nc3 Bc6 19. Rc2 b6 20. a3 Ra7 21. Bf1 h5 22. Qf2 Kh7 23. Ne2 Rb7 24. Nd4 e5 25. Nb5 Bxb5 26. cxb5 d5 27. exd5 Bf8 28. b4 axb4 29. axb4 Nd7 30. Rxc8 Qxc8 {1-0 Lazaro Pujol,A (2348)-Valle,L (2268) 10th Ann. Platja d'Aro CC 2022 (6.1)}) 16... Bd7 17. Rfd1 Qd8 18. Rb1 Bc6 19. Qe1 Qe8 20. Qf2 Ne6 21. Na7 Rcb8 22. Bb6 a4 23. b4 a3 24. b5 Bd7 25. Rb3 Bb2 26. f4 Qf8 27. Rg3 Qh6 28. Be3 Nf8 29. b6 Ba4 30. Rf1 Qg7 31. Bd1 Bxd1 32. Rxd1 Qc3 33. Qe2 Qb4 34. Bg1 Ne6 35. Rb3 Qa4 36. Qc2 Qa5 37. Rb5 Qc3 38. Qxc3 Bxc3 39. f5 Nd8 40. Rb3 Bb2 41. c5 Nc6 42. cxd6 exd6 43. Nxc6 bxc6 44. Rxd6 Ra4 45. b7 Rc4 46. Rd1 Be5 47. Ba7 Rc2 48. Bxb8 Bxb8 49. Rxa3 Rb2 50. f6 h5 51. Ra8 Rxb7 52. Rd8+ 1-0

[Event "45th Olympiad 2024"]
[Site "Budapest HUN"]
[Date "2024.09.13"]
[Round "3.47"]
[Board "1"]
[White "Zhakshylykov, Erzhan"]
[Black "Mafaaz Khalid"]
[Result "1-0"]
[WhiteElo "2327"]
[BlackElo "2069"]
[PlyCount "137"]
[EventDate "2024.09.11"]
[WhiteTeam "Kyrgyzstan"]
[BlackTeam "Pakistan"]
[WhiteTeamCountry "KGZ"]
[BlackTeamCountry "PAK"]

1. Nf3 Nf6 2. b3 d5 3. Bb2 c5 4. e3 g6 5. c4 dxc4 6. Bxc4 Bg7 7. Be2 $146 ({RR} 7. b4 O-O 8. bxc5 Qa5 9. Qc1 Na6 10. Bxa6 Qxa6 11. d4 Bf5 12. Na3 Nd5 13. Qc4 Qa5+ 14. Nd2 Rfd8 15. Qb5 Qxb5 16. Nxb5 Nb4 17. Bc3 Nc2+ 18. Ke2 Nxa1 19. Rxa1 e5 20. Nd6 exd4 21. exd4 Bd7 {0-1 Lovas,M (2070)-Gazi,M (2103) SVK-chT1W 1213 2012 (3.7)}) ({RR} 7. O-O Nc6 8. d4 cxd4 9. Nxd4 Nxd4 10. Bxd4 O-O 11. Nc3 Bd7 12. Nd5 Bc6 13. Nxf6+ Bxf6 14. Bxf6 exf6 15. Qxd8 Rfxd8 16. Rfd1 f5 17. f3 Kg7 18. Kf2 Kf6 19. h4 h6 20. Be2 g5 21. hxg5+ hxg5 {0-1 Topalov,V (2793)-Carlsen,M (2868) Norway Masters blitz 2013 (3)}) ({RR} 7. O-O O-O 8. d4 cxd4 9. Nxd4 Bd7 10. Qe2 Nc6 11. Rd1 Nxd4 12. Bxd4 Qc7 13. Rc1 Bc6 14. Nd2 Rac8 15. a4 Qb8 16. b4 b6 17. Nb3 e5 18. Bb2 Ne4 19. b5 Bb7 20. Rd1 Nd6 21. Bd5 Bxd5 {½-½ Baumegger,S (2388)-Soffer,R (2444) 34th Cracovia Open A 2023 (9.6)}) ({RR} 7. a3 Nc6 8. b4 Qb6 9. Nc3 cxb4 10. Nd5 Qd8 11. Nxf6+ Bxf6 12. Bxf6 exf6 13. axb4 O-O 14. b5 Ne5 15. Nxe5 fxe5 16. Qb3 Qb6 17. O-O Bd7 18. Rfb1 Kg7 19. d3 f6 20. h3 Rfe8 21. d4 exd4 {1-0 Cordova,E (2568)-Gedajlovic,M (2407) Charlotte Fall GMB Alto 2023 (5.1)}) 7... O-O 8. Na3 b6 9. O-O Bb7 10. d4 Na6 11. Nb5 Qb8 12. Ne5 Rd8 13. Bc4 e6 14. Qe2 cxd4 15. Bxd4 Nb4 16. Qb2 a6 17. Nc3 b5 18. Be2 Nc6 19. Nxc6 Bxc6 20. Rfd1 e5 21. Bc5 Qb7 22. f3 b4 23. Na4 Nd7 24. Rac1 e4 25. Bd4 exf3 26. gxf3 Bxd4 27. Rxd4 Re8 28. Qd2 Ne5 29. e4 Bb5 30. Nc5 Qa7 31. f4 Nc6 32. Rd7 Qb6 33. Bxb5 Qxb5 34. Qd5 Rf8 35. Nd3 Qxd5 36. Rxd5 Ne7 37. Re5 Rfd8 38. Nxb4 Kf8 39. Rc7 Rd1+ 40. Kf2 Ng8 41. Rd5 Ra1 42. Rdd7 Nh6 43. Rd2 a5 44. Nd5 a4 45. b4 Rb1 46. a3 Rb3 47. Rc3 f5 48. e5 g5 49. e6 Ng4+ 50. Kf3 Rc8 51. Rxb3 axb3 52. Ke2 gxf4 53. Nxf4 Ne5 54. Nd5 Nc4 55. Rd3 b2 56. Rb3 f4 57. b5 Rc5 58. b6 f3+ 59. Rxf3+ Ke8 60. Rb3 Rxd5 61. b7 Rd2+ 62. Ke1 Rd8 63. b8=Q Rxb8 64. Rxb8+ Ke7 65. Rb4 Kxe6 66. Ke2 Nxa3 67. Rxb2 Nc4 68. Rb7 h6 69. Rh7 1-0

[Event "45th Olympiad 2024"]
[Site "Budapest HUN"]
[Date "2024.09.13"]
[Round "3.47"]
[Board "4"]
[White "Mudasir, Iqbal"]
[Black "Abdyzhapar, Asylbek"]
[Result "0-1"]
[WhiteElo "2055"]
[BlackElo "2357"]
[PlyCount "102"]
[EventDate "2024.09.11"]
[WhiteTeam "Pakistan"]
[BlackTeam "Kyrgyzstan"]
[WhiteTeamCountry "PAK"]
[BlackTeamCountry "KGZ"]

1. d4 Nf6 2. Nf3 g6 3. Bf4 Bg7 4. e3 d6 5. h3 O-O 6. Be2 c5 7. c3 Nc6 8. Nbd2 cxd4 9. exd4 e5 10. dxe5 dxe5 11. Nxe5 Nd5 12. Nxc6 bxc6 13. Bg3 Re8 14. O-O Bxc3 15. Nc4 Bxb2 16. Nxb2 Nc3 17. Qxd8 Nxe2+ 18. Kh2 Rxd8 19. Be5 ({RR} 19. Bh4 Rd5 20. Rfe1 Ba6 21. Na4 Bb5 22. Rab1 Rd4 23. Bf6 Rxa4 24. Rxb5 cxb5 25. Rxe2 Rf4 26. Be5 Re8 {0-1 Kourkoulos Arditis,S (2530)-Grischuk,A (2736) Titled Tue 22nd Aug Late 2023 (5)}) ({RR} 19. Bh4 Re8 20. Nc4 Ba6 21. Nd6 Re6 22. Rfd1 h6 23. f3 g5 24. Bf2 Nf4 25. Ne4 f5 26. Ng3 Rf8 27. Bxa7 Bc4 28. Bc5 Rf7 29. a4 h5 30. Rd4 h4 31. Rxc4 hxg3+ 32. Kh1 Re2 33. a5 Rxg2 {1-0 Iturrizaga Bonelli,E (2588)-Leyva Proenza,R (2333) Titled Tue 19th Mar Late 2024 (2)}) 19... Rd5 20. f4 Ba6 21. Rf3 $146 ({RR} 21. Rad1 Rad8 22. Rfe1 c5 23. Rxd5 Rxd5 24. Rd1 Rxd1 25. Nxd1 Bc4 26. a3 Bb3 27. Nc3 Nxc3 28. Bxc3 Kf8 29. Kg3 Ke7 30. Kf2 Kd6 31. Ke3 Kd5 32. g3 Kc4 33. Bf6 Ba4 34. Be7 Kd5 35. Bf8 Bb5 {½-½ Petkov,M (1920)-Oglaza,O (2198) EU-ch U12 27th 2017 (3)}) ({RR} 21. Rfd1 Rad8 22. Rxd5 Rxd5 23. Rd1 Rxd1 24. Nxd1 Bc4 25. a3 f5 26. Nc3 Nxc3 27. Bxc3 Kf7 28. Kg3 Ke6 29. Kf3 Kd5 30. h4 Bf1 31. Bf6 Kc4 32. Kf2 Bd3 33. Ke3 Bc2 34. g3 c5 35. Be7 Bb1 {½-½ Steczek,M (2353)-Niekras,D (2097) POL-chT 2nd League 2015 (3.91)}) 21... Bb5 22. a4 Ba6 23. Nd1 h5 24. Nf2 f5 25. h4 c5 26. Rb1 Rc8 27. Nd1 Rd7 28. Nc3 Nd4 29. Rf2 Nc6 30. Bf6 Kf7 31. Bg5 Bd3 32. Rd1 Rb8 33. Rfd2 c4 34. Nb5 Rbb7 35. Na3 Nb8 36. Rc1 Rb4 37. a5 a6 38. Kg1 Ra4 39. Rc3 Ke6 40. Rd1 Kf7 41. Rdc1 Rd4 42. Nc2 Bxc2 43. R3xc2 Nc6 44. Rb2 Rb4 45. Re2 Rb5 46. Rce1 Re4 47. Rxe4 fxe4 48. Rc1 Nxa5 49. Kf2 Ke6 50. Ke3 Kf5 51. Kd4 Nb3+ 0-1

[Event "45th Olympiad 2024"]
[Site "Budapest HUN"]
[Date "2024.09.13"]
[Round "3.48"]
[Board "2"]
[White "Ondozi, Murtez"]
[Black "Lam, Daniel King Wai"]
[Result "1/2-1/2"]
[WhiteElo "2371"]
[BlackElo "2088"]
[PlyCount "162"]
[EventDate "2024.09.11"]
[WhiteTeam "Kosovo"]
[BlackTeam "Hong Kong, China"]
[WhiteTeamCountry "KOS"]

1. d4 d5 2. c4 e6 3. Nc3 Nf6 4. Nf3 Be7 5. Bg5 O-O 6. e3 h6 7. Bh4 b6 8. cxd5 Nxd5 9. Bg3 Bb7 10. Bd3 Nd7 11. e4 Nxc3 12. bxc3 c5 13. O-O Nf6 14. Qe2 Rc8 $146 ({RR} 14... c4 15. Bc2 b5 16. a4 b4 17. cxb4 Bxb4 18. Qxc4 a5 19. Qe2 Rc8 20. Rfd1 Rc3 21. Bh4 g5 22. Bg3 Qa8 23. d5 exd5 24. e5 Ba6 25. Bd3 Rxd3 26. Rxd3 Ne4 27. Qd1 Bxd3 28. Qxd3 Qc6 29. Nd4 {0-1 Denishev,M (2303)-Bulmaga,I (2438) 23rd ch-EUR Indiv 2023 (9.116)}) ({RR} 14... Nh5 15. Be5 cxd4 16. cxd4 f6 17. Bg3 Nxg3 18. hxg3 Qd6 19. Bc4 Rac8 20. Bb3 Rfe8 21. Nh4 Bf8 22. Qg4 h5 23. Qg6 Qxd4 24. Rfe1 a5 25. Rad1 Qb4 26. Nf5 a4 27. Rd7 {1-0 Brunello,S (2573)-Narayanan,S (2437) Chennai op 7th 2014 (6)}) 15. a4 cxd4 16. cxd4 Rc3 17. Be5 Nd7 18. Bf4 Nc5 19. Bc2 Nb3 20. Rad1 Qc8 21. Bd3 Rd8 22. Bd2 Nxd2 23. Qxd2 Qc7 24. Qe2 Bf6 25. d5 exd5 26. e5 Re8 27. Rfe1 d4 28. Be4 Bxe4 29. Qxe4 Rc5 30. Rxd4 Bxe5 31. g3 f6 32. Red1 Rc1 33. Rxc1 Qxc1+ 34. Kg2 Qc8 35. Rd3 Qa8 36. Qxa8 Rxa8 37. Nxe5 fxe5 38. Rd7 Rc8 39. Rxa7 Rc4 40. Kf3 h5 41. h4 Kh7 42. Ra6 Rb4 43. Ke3 b5 44. a5 Ra4 45. Ra8 g6 46. a6 Kg7 47. f3 Kh7 48. a7 Kg7 49. g4 hxg4 50. fxg4 Kh7 51. g5 Kg7 52. Rb8 Rxa7 53. Ke4 Rf7 54. Rxb5 Rf4+ 55. Kd5 Rxh4 56. Kxe5 Ra4 57. Rb7+ Kg8 58. Re7 Kf8 59. Rd7 Kg8 60. Ke6 Rf4 61. Rd6 Kg7 62. Rd5 Rf1 63. Re5 Rf2 64. Kd7 Rf1 65. Kd6 Rf2 66. Re7+ Kg8 67. Re6 Kg7 68. Re5 Rf1 69. Kc5 Rf2 70. Kd4 Rf1 71. Kd3 Rf2 72. Ke3 Rf1 73. Rd5 Rf8 74. Rd7+ Kg8 75. Ke4 Rf1 76. Rd3 Kg7 77. Rd7+ Kg8 78. Ke5 Rf2 79. Ke6 Rf1 80. Ke7 Rf5 81. Ke6 Rf1 1/2-1/2

[Event "45th Olympiad 2024"]
[Site "Budapest HUN"]
[Date "2024.09.13"]
[Round "3.49"]
[Board "1"]
[White "Atabayev, Saparmyrat"]
[Black "Pg, Md Omar Ak Hafizon"]
[Result "1-0"]
[WhiteElo "2516"]
[BlackElo "2159"]
[PlyCount "45"]
[EventDate "2024.09.11"]
[WhiteTeam "Turkmenistan"]
[BlackTeam "Brunei Darussalam"]
[WhiteTeamCountry "TKM"]

1. e4 {Donev,Ivo Hristov} c5 2. Nf3 e6 3. d4 cxd4 4. Nxd4 a6 5. Bd3 Bc5 6. Nb3 Be7 7. O-O Nc6 8. f4 ({RR} 8. c4 Nf6 9. Nc3 d6 10. f4 b6 11. Qe2 Bb7 12. Be3 Nb4 13. Bb1 Nd7 14. Rd1 Qc7 15. a3 Nc6 16. Ba2 Rc8 17. Rac1 Qb8 18. Nd2 O-O 19. Nf3 Rfd8 20. Bf2 Ba8 21. b4 Re8 22. e5 Rcd8 {½-½ Campora,D (2550)-Milov,V (2570) Biel 1995 (12)}) 8... d6 9. c4 ({RR} 9. Qe2 Nb4 10. Nc3 Bd7 11. Bd2 Bc6 12. e5 Nxd3 13. cxd3 Nh6 14. Ne4 dxe5 15. fxe5 Nf5 16. Rxf5 exf5 17. Nd6+ Bxd6 18. exd6+ Kf8 19. Bf4 Qb6+ 20. d4 Re8 21. Qf2 Qb5 22. Nc5 Re2 23. d7 Bxd7 {0-1 Tregubenko,N (2098)-Isanzhulov,A (2407) RUDAR 23 IM 2024 (2.4)}) 9... Bf6 10. Nc3 $146 ({RR} 10. Kh1 Nge7 11. c5 e5 12. cxd6 Qxd6 13. f5 O-O 14. Nc3 Rd8 15. Be2 Qc7 16. Qe1 Nd4 17. Qf2 b5 18. g4 h6 19. h4 Nxe2 20. Nxe2 Qc2 21. g5 Qxe4+ 22. Kh2 hxg5 23. hxg5 Bxg5 24. Bxg5 f6 {0-1 Ocantos,M (2158)-Thorfinnsson,B (2398) Reykjavik op 2010 (3)}) 10... Nge7 11. Be3 Rb8 12. Qf3 Nb4 13. Rad1 Nxd3 14. Rxd3 Bxc3 15. bxc3 Qc7 16. c5 d5 17. exd5 exd5 18. f5 Bxf5 19. Bf4 Qc8 20. Bd6 O-O 21. Bxe7 Be4 22. Qg3 Bxd3 23. Bxf8 1-0

[Event "45th Olympiad 2024"]
[Site "Budapest HUN"]
[Date "2024.09.13"]
[Round "3.49"]
[Board "2"]
[White "Yee, Soon Wei"]
[Black "Annaberdiyev, Meylis"]
[Result "0-1"]
[WhiteElo "2219"]
[BlackElo "2431"]
[PlyCount "62"]
[EventDate "2024.09.11"]
[WhiteTeam "Brunei Darussalam"]
[BlackTeam "Turkmenistan"]
[BlackTeamCountry "TKM"]

1. e4 c5 2. c3 e6 3. Nf3 d5 4. exd5 exd5 5. d4 Nc6 6. Bb5 Bd6 7. O-O Nge7 8. dxc5 Bxc5 9. Nbd2 O-O 10. Nb3 Bb6 11. h3 Qd6 12. Nbd4 ({RR} 12. Re1 Bxh3 13. gxh3 Qg3+ 14. Kh1 Bxf2 15. Rf1 Nf5 16. Nh2 Rae8 17. Qf3 Qxf3+ 18. Nxf3 Be3 19. Kh2 Bb6 20. Bf4 Re4 21. Bg3 Rfe8 22. Rae1 g6 23. Nbd2 Nxg3 24. Kxg3 Re3 25. Rxe3 Rxe3 26. Re1 Rxe1 {1-0 Aronian,L (2735)-Andreikin,D (2729) chess.com SpeedChess 2022 (1.19)}) ({RR} 12. Bd3 Ng6 13. Nbd4 Nxd4 14. Nxd4 Ne5 15. Bf4 Bc7 16. Nb5 Nf3+ 17. Qxf3 Qxf4 18. Nxc7 Qxc7 19. Qxd5 Be6 20. Qf3 Rad8 21. Rfd1 Rd6 22. b3 Rfd8 23. c4 b6 24. Bc2 Rxd1+ 25. Rxd1 Rxd1+ 26. Qxd1 g6 {1-0 Hasanzade,T (2329)-Gulumov,M (1843) Nakhchivan 100th Ann Rep 2024 (3.2)}) 12... Nxd4 13. Nxd4 Bc7 14. Nf3 Bf5 $146 ({RR} 14... Ng6 15. Re1 a6 16. Bd3 Bd7 17. Be3 Rae8 18. Qc2 Bc6 19. Bxg6 fxg6 {0-1 Barbero Sendic,A (2320)-Henriquez Villagra,C (2620) Barcelona Sants op-A 23rd 2022 (6)}) ({RR} 14... Ng6 15. Re1 a6 16. Bd3 Bd7 17. Be3 Rae8 18. Qd2 Re6 19. g3 Rf6 20. Nd4 h6 21. Bf1 Re8 22. Rad1 Bb8 23. f4 h5 24. h4 Bg4 25. Rc1 Kh7 26. Bg2 Qd7 27. Nb3 Bh3 28. Qxd5 Qg4 29. Qf3 {1-0 Shimanov,A (2581)-Andreikin,D (2729) Chess.com Rapid Wk25 Swiss 2022 (3)}) 15. Bd3 Bg6 16. Bg5 Bh5 17. Bxe7 Qxe7 18. g4 Bg6 19. Bxg6 hxg6 20. Qxd5 Rad8 21. Qg5 Qe2 22. Qe3 Qxb2 23. Rfb1 Qa3 24. Rxb7 Bb6 25. Nd4 Rc8 26. c4 Qd6 27. Nb5 Qf6 28. Qe1 Bxf2+ 29. Qxf2 Qxa1+ 30. Kg2 Qe5 31. Rxa7 Rxc4 0-1

[Event "45th Olympiad 2024"]
[Site "Budapest HUN"]
[Date "2024.09.13"]
[Round "3.49"]
[Board "3"]
[White "Hommadov, Amanmuhammet"]
[Black "Lim Teck Guan, Rodney"]
[Result "1-0"]
[WhiteElo "2181"]
[BlackElo "1931"]
[PlyCount "61"]
[EventDate "2024.09.11"]
[WhiteTeam "Turkmenistan"]
[BlackTeam "Brunei Darussalam"]
[WhiteTeamCountry "TKM"]

1. e4 e6 2. d4 d5 3. e5 c5 4. c3 Nc6 5. Nf3 Qb6 6. a3 Nh6 7. b4 cxd4 8. cxd4 Nf5 9. Be3 f6 10. exf6 gxf6 11. Nc3 Nxe3 12. fxe3 Bh6 13. Qd3 ({RR} 13. e4 dxe4 14. Nxe4 O-O 15. Bc4 Kh8 16. Qd3 f5 17. Nc5 Bg7 18. O-O-O Qc7 19. Kb1 a5 20. Qb3 axb4 21. axb4 e5 22. d5 e4 23. dxc6 exf3 24. gxf3 b6 25. Nd7 Bxd7 26. Rxd7 Qxc6 27. Rxg7 Kxg7 {1-0 Savchenko,B (2599)-Vitiugov,N (2738) EU-ch rapid Wroclaw 2014 (10)}) 13... Bd7 ({RR} 13... O-O 14. Be2 Ne7 15. e4 dxe4 16. Qxe4 e5 17. Bd3 Bf5 18. Bc4+ Kg7 19. Qe2 Rac8 20. dxe5 Ng6 21. Nd5 Qc6 22. Nd4 Bd3 23. Qxd3 Nxe5 24. Qg3+ {1-0 Diaz Gonzalez,A (1717)-Becker Newmark,J (1868) 17th American Continental 2024 (10.126)}) 14. Be2 Rc8 $146 ({RR} 14... Ne7 15. O-O O-O-O 16. Kh1 Kb8 17. e4 Be8 18. exd5 Nxd5 19. Nxd5 Rxd5 20. Qb3 Qd6 21. Bc4 Rh5 22. Bxe6 Bb5 23. Bc4 Bd7 24. Bf7 Rf5 25. Rad1 Rf8 26. Rfe1 Bf4 27. Be6 Rh5 28. Bxd7 Qxd7 29. Re6 {1-0 Jurkina,Y (1999)-Velichko,A (1914) Samara Polugaevsky Memorial 2nd 2012 (9)}) ({RR} 14... Ne7 15. O-O Rc8 16. Nd2 O-O 17. Nb3 Be8 18. Nc5 Bg6 19. e4 dxe4 20. Qh3 Bg7 21. Bc4 Kh8 22. Bxe6 Rcd8 23. Rad1 f5 24. d5 a5 25. N3a4 Qc7 26. bxa5 Qxa5 27. d6 Nc6 28. Bxf5 Rxf5 29. Rxf5 {½-½ Simacek,P (2500)-Matamoros Franco,C (2544) Olomouc Valoz Cup 2006 (5)}) 15. O-O Ne5 16. Nxe5 fxe5 17. Bh5+ Kd8 18. Kh1 Rc4 19. Ne2 Ba4 20. e4 Bc2 21. Qg3 Bxe4 22. Qxe5 Rg8 23. Ng3 Bg6 24. Bxg6 hxg6 25. Rf7 Rc7 26. Qf6+ Ke8 27. Rf1 Rg7 28. Rf8+ Kd7 29. Rd8+ Kc6 30. Qxe6+ Kb5 31. Rxd5+ 1-0

[Event "45th Olympiad 2024"]
[Site "Budapest HUN"]
[Date "2024.09.13"]
[Round "3.49"]
[Board "4"]
[White "Pg. Shahridin, Ak. Abdul Wafie"]
[Black "Shirliyev, Allayar"]
[Result "0-1"]
[WhiteElo "1912"]
[BlackElo "2200"]
[PlyCount "148"]
[EventDate "2024.09.11"]
[WhiteTeam "Brunei Darussalam"]
[BlackTeam "Turkmenistan"]
[BlackTeamCountry "TKM"]

1. e4 e5 2. Nf3 Nc6 3. Bc4 Bc5 4. c3 Nf6 5. d3 d6 6. b4 Bb6 7. a4 a5 8. b5 Ne7 9. O-O O-O 10. Nbd2 Ng6 11. d4 Bg4 12. Qc2 Re8 ({RR} 12... Qd7 13. Re1 Rfe8 14. h3 Bxf3 15. Nxf3 exd4 16. Bb2 dxc3 17. Bxc3 Ne5 18. Nxe5 dxe5 19. Rad1 Qe7 20. Rd3 Red8 21. Rf3 Rd7 22. Rf5 Bd4 23. Bd2 c6 24. bxc6 bxc6 25. Bg5 Rb8 26. Bxf6 gxf6 27. Qc1 {0-1 Caruana,F (2793)-Firouzja,A (2751) 11th Sinquefield Cup 2024 (1.1)}) 13. Re1 ({RR} 13. h3 Be6 14. dxe5 Nxe5 15. Nxe5 dxe5 16. Rd1 Qe7 17. Ba3 Bc5 18. Bxe6 fxe6 19. Bc1 Rad8 20. Re1 Rf8 21. Nf3 Bd6 22. Be3 b6 23. Rad1 Rde8 24. Nd2 Bc5 25. Nc4 Bxe3 26. Rxe3 Qc5 27. Nb2 Rd8 {1-0 Abdusattorov,N (2766)-Johnson,J (2267) 45th Olympiad 2024 (1.5)}) 13... exd4 14. Bb2 $146 ({RR} 14. cxd4 d5 15. exd5 Rxe1+ 16. Nxe1 Bxd4 17. Rb1 Qd7 18. Qd3 Bb6 19. Qb3 Bf5 20. Rb2 Re8 21. Ndf3 Rd8 22. Bg5 Qd6 23. Nc2 Be4 24. Ne3 Bxf3 25. gxf3 h6 26. Nf5 Qe5 27. Bxf6 Qxf6 28. Ng3 Nh4 {0-1 Varela,M (1634)-Zapata Arbelaes,E (1979) Medellin Region IRT op 2013 (7)}) 14... dxc3 15. Qxc3 Ne5 16. Nxe5 dxe5 17. Nf3 Bxf3 18. Qxf3 Qd2 19. Ba3 Rad8 20. g3 Bd4 21. Rac1 Rd7 22. Re2 Qh6 23. Rec2 Qg6 24. Bd3 Bb6 25. Bc5 Red8 26. Bxb6 Rxd3 27. Be3 Ne8 28. Rc3 h6 29. Kg2 R8d4 30. Rxd3 Rxd3 31. h4 Ra3 32. Rc4 Nd6 33. Rxc7 Rxa4 34. Bc5 Nxe4 35. h5 Qf6 36. Qxf6 gxf6 37. Be3 Nd6 38. b6 Kg7 39. Rd7 Nf5 40. Rxb7 Nxe3+ 41. fxe3 Rb4 42. Rb8 f5 43. Kf3 Rb2 44. g4 fxg4+ 45. Kxg4 Kf6 46. b7 Rb4+ 47. Kf3 Kg7 48. Kg3 a4 49. Kf3 a3 50. Ra8 Rxb7 51. Rxa3 Rb4 52. Ra5 Kf6 53. e4 Rb1 54. Kg4 Rg1+ 55. Kf3 Rf1+ 56. Kg3 Rf4 57. Ra4 Kg5 58. Ra5 Rxe4 59. Kf3 Rf4+ 60. Kg3 f6 61. Ra7 Kxh5 62. Rg7 Rf5 63. Ra7 e4 64. Ra4 Rf3+ 65. Kg2 f5 66. Ra5 Kg4 67. Ra4 Rb3 68. Ra2 f4 69. Rf2 e3 70. Rf1 f3+ 71. Kh1 e2 72. Kh2 exf1=N+ 73. Kh1 Ng3+ 74. Kg1 Ne4 0-1

[Event "45th Olympiad 2024"]
[Site "Budapest HUN"]
[Date "2024.09.13"]
[Round "3.52"]
[Board "4"]
[White "Montevilla Cahuasa, Jonathan I."]
[Black "Mwale, George"]
[Result "1-0"]
[WhiteElo "2064"]
[BlackElo "2056"]
[PlyCount "87"]
[EventDate "2024.09.11"]
[WhiteTeam "Bolivia"]
[BlackTeam "Malawi"]
[WhiteTeamCountry "BOL"]
[BlackTeamCountry "MWI"]

1. e4 d5 2. exd5 Qxd5 3. Nc3 Qd8 4. d4 Nf6 5. Bc4 e6 6. Nf3 Be7 7. Ne5 ({RR} 7. O-O O-O 8. Qe2 Nbd7 9. Bb3 a5 10. Rd1 c6 11. a4 Re8 12. Ne5 Nf8 13. Ne4 Nd5 14. Qf3 f6 15. Nd3 Ng6 16. c4 f5 17. Nc3 Nb4 18. Nf4 Bd6 19. Nxg6 hxg6 20. g3 Rf8 21. Bf4 Bxf4 {0-1 Antonio,R (2503)-Dimakiling,O (2373) Quezon City Puregold op 2014 (4)}) ({RR} 7. O-O O-O 8. Re1 b6 9. Bg5 Bb7 10. Ne5 Nbd7 11. Qe2 h6 12. Bf4 Bb4 13. a3 Bxc3 14. bxc3 Nxe5 15. dxe5 Nd5 16. Bxd5 Bxd5 17. Rad1 Qe7 18. c4 Bc6 19. Rd3 g5 20. Rg3 f6 21. Qh5 Kh7 {½-½ Wang,X-Gu,Y (1643) Chinese Youth U16 2024 (11.19)}) 7... Nbd7 8. Qe2 $146 ({RR} 8. f4 Nb6 9. Bd3 a6 10. Ne4 Nxe4 11. Bxe4 Bf6 12. O-O Rb8 13. c3 g6 14. b3 O-O 15. Bb2 Nd5 16. Qe1 Bg7 17. Rd1 Qe7 18. c4 Nf6 19. Bf3 Rd8 20. Qa5 Bf8 21. Rfe1 Qd6 22. Qc3 Bg7 {0-1 Kieninger,G-Weinitschke,E GDSB-ch08 (Grossdeutscher SB)  (ch-33) 1941 (13)}) 8... Nb6 9. Be3 Nxc4 10. Qxc4 O-O 11. O-O a6 12. a4 Nd5 13. Ne4 f6 14. Nf3 b6 15. Qe2 f5 16. Nc3 Nxc3 17. bxc3 Bd6 18. Bd2 Qf6 19. Rfe1 Re8 20. a5 Bb7 21. Rab1 b5 22. Ne5 Be4 23. Bf4 Qe7 24. f3 Bd5 25. Qf2 c5 26. Qg3 Qc7 27. Nd3 Bxf4 28. Nxf4 cxd4 29. cxd4 Qc3 30. Rbd1 Qc7 31. Re5 Qf7 32. Rde1 Rac8 33. Qf2 g5 34. Qg3 Ba2 35. Qxg5+ Kh8 36. R5e2 Rg8 37. Qh4 Qg7 38. Qf2 Bc4 39. Nxe6 Qh6 40. Re5 Rg6 41. d5 Bxd5 42. Rxd5 Rxe6 43. Qd4+ Rf6 44. Rxf5 1-0